[Event "21st Dubai Open 2019"]
[Site "Dubai"]
[Date "2019.04.09"]
[Round "9.7"]
[White "Can, Emre"]
[Black "Debashis, Das"]
[Result "1/2-1/2"]
[WhiteElo "2599"]
[BlackElo "2538"]
[Annotator "TA"]
[PlyCount "55"]
[EventDate "2019.04.01"]
[EventType "swiss"]
[EventCountry "UAE"]
[SourceTitle "playchess.com"]
[Source "ChessBase"]
[SourceQuality "1"]

{[%evp 28,55,0,0,24,0,31,0,17,16,18,0,0,-20,0,0,0,0,6,-78,-40,-37,-52,-93,0,0,0,-92,0,0]} 1. d4 Nf6 2. c4 e6 3. Nf3 b6 4. g3 Ba6 5. Nbd2 d5 6. Bg2 Be7 7. O-O O-O 8. cxd5 exd5 9. Ne5 Bb7 10. b3 Nbd7 11. Bb2 c5 12. dxc5 {E07: Closed Catalan: Main Line (5 Nf3 0-0 6 0-0 Nbd7)} (12. Qb1 Re8 13. e3 Bd6 14. Ndc4 Bf8 15. Rd1 cxd4 16. exd4 Ne4 17. Ne3 Ndf6 18. Qc2 Rc8 19. Qd3 g6 20. Rac1 Qd6 21. f3 Ng5 22. Re1 {½-½ (22) Dobrov,V (2510)-Oparin,G (2609) Barcelona 2017}) 12... bxc5 13. Nxd7 Qxd7 14. e4 d4 15. Re1 {LiveBook: 6 Games} a5 16. Nc4 Ra6 $146 ({Predecessor:} 16... Qe6 17. a4 Nd7 18. Qh5 Nb6 19. Nd2 Qg6 20. Qxg6 hxg6 {½-½ (32) Salcedo Mederos,P (2487)-Brobakken,B (2472) ICCF email 2006}) 17. a4 Re8 18. Ba3 Bf8 {[%cal Rf6e4]} 19. f3 Qd8 20. Rc1 Nd7 21. Qd2 Qa8 22. Qf4 Bc8 23. Rc2 (23. e5 $11 {remains equal.}) 23... Qb7 24. Rb1 Nb6 25. Nd2 Nd7 26. Nc4 Nb6 27. Nd2 $1 Nd7 (27... h6 $17 {Strongly threatening ...g5.} 28. Bf1 (28. Bxc5 $2 g5 $19) 28... g5 29. Bxa6 Qxa6) 28. Nc4 {Precision: White = 45%, Black = 56%.} 1/2-1/2

[Event "21st Dubai Open 2019"]
[Site "Dubai"]
[Date "2019.04.09"]
[Round "9.9"]
[White "Visakh N R"]
[Black "Mareco, Sandro"]
[Result "1/2-1/2"]
[WhiteElo "2509"]
[BlackElo "2651"]
[Annotator "TA"]
[PlyCount "121"]
[EventDate "2019.04.01"]
[EventType "swiss"]
[EventCountry "UAE"]
[SourceTitle "playchess.com"]
[Source "ChessBase"]
[SourceQuality "1"]

{[%evp 18,121,32,21,44,27,34,30,40,23,37,18,19,-5,-6,-32,0,-8,0,-19,-20,-19,-8,-8,-18,0,-16,-21,39,0,0,-7,0,0,0,0,0,0,0,-48,-47,-48,-48,-48,-25,-26,-18,-8,-8,-8,-12,-15,-12,-46,-12,-20,-20,-68,-68,-68,-68,-68,-68,-68,-68,-68,-68,-68,-68,-68,-68,-68,-68,-68,-67,-68,-68,-68,-68,-68,-68,-68,-68,-68,-68,-68,-68,-68,-68,-68,-68,-68,-68,-68,-68,-68,-68,-68,-8,-8,-8,-8,-8,-8,-8,-8]} 1. d4 Nf6 2. c4 g6 3. Nc3 d5 4. Nf3 Bg7 5. Qb3 dxc4 6. Qxc4 O-O 7. e4 Bg4 8. Be2 Nfd7 9. Be3 Nb6 10. Qc5 e6 $146 {D98: Grünfeld: Russian System: 7 e4 Bg4} (10... N8d7 11. Qa3 Bxf3 12. gxf3 e5 13. d5 Qh4 14. O-O-O Bh6 15. Kb1 Bxe3 16. fxe3 Qf2 17. Rd3 Nc8 18. b3 {1-0 (52) Wojtaszek,R (2705)-Gritsak,O (2548) Warsaw 2011}) 11. O-O-O Re8 12. h3 N8d7 {Threatens to win with ...Bxf3.White has an edge.} 13. Qb5 c6 14. Qd3 Bxf3 $1 15. Bxf3 Qe7 16. Be2 c5 17. Kb1 Rac8 18. Nb5 a6 $1 19. dxc5 $1 Nxc5 20. Qd6 $1 {[%cal Rd6e7] Black must now prevent Qxe7.} axb5 21. Qxb6 Nxe4 22. Qxb5 Qf6 (22... Nf6 $11) 23. Rc1 (23. Rd4 $5 {[%cal Rd4e4]} Nxf2 24. Rf4 Qxf4 25. Bxf4 Nxh1 26. Bc7 $14 (26. Qxb7 e5 $11)) 23... Nd6 ({Don't blunder} 23... Nxf2 $2 24. Rxc8 Rxc8 25. Rf1 $18) 24. Qb3 {[#]} b5 $1 {[%mdl 512]} 25. Rxc8 (25. Bxb5 Nxb5) 25... Rxc8 26. Rc1 {[#] And now Rxc8+ would win.} Nc4 $1 {[%mdl 512]} 27. a3 (27. Bxc4 bxc4) 27... Qe5 28. Ka2 (28. Rc2 {is interesting.} Bf6 29. a4 Rb8 30. Ba7 Rc8 31. Be3) 28... Rb8 29. Rc2 Nxe3 30. fxe3 h5 31. Bf3 Bh6 32. Qc3 Qxe3 33. Qxe3 Bxe3 $11 {[%mdl 4096] Endgame KRB-KRB} 34. Rc7 f5 35. Rb7 Rd8 36. Rxb5 Rd2 37. Re5 {[#]} Rxb2+ $1 {[%mdl 576] Decoy} 38. Kxb2 Bd4+ {[%mdl 64] Double Attack} 39. Kc2 Bxe5 $15 {KB-KB} 40. a4 h4 41. a5 Bd4 42. Kd3 Bf2 43. Ke2 Ba7 44. Bc6 Kg7 45. Be8 g5 46. Bd7 Kf6 47. a6 e5 48. Bc8 e4 49. Kf1 Ke5 50. Bd7 Kf4 51. Be6 Bb6 52. Bd7 Bd4 53. Be6 Ba7 54. Bd7 g4 55. hxg4 Kxg4 56. Ke2 Kg5 57. Be6 h3 ({Black should play} 57... f4 $15) 58. gxh3 $11 {The position is equal.} f4 59. Bg4 Kh4 {Hoping for ...Kg3.} 60. Bf3 $1 exf3+ 61. Kxf3 {Accuracy: White = 67%, Black = 66%.} 1/2-1/2

[Event "21st Dubai Open 2019"]
[Site "Dubai"]
[Date "2019.04.09"]
[Round "9.10"]
[White "Deepan Chakkravarthy J."]
[Black "Yilmaz, Mustafa"]
[Result "1-0"]
[WhiteElo "2534"]
[BlackElo "2631"]
[Annotator "ChessBase"]
[PlyCount "107"]
[EventDate "2019.04.01"]
[EventType "swiss"]
[EventCountry "UAE"]
[SourceTitle "playchess.com"]
[Source "ChessBase"]
[SourceQuality "1"]
[TimeControl "5400+30"]

1. e4 {[%emt 0:00:00]} c5 {[%emt 0:00:00]} 2. Nc3 {[%emt 0:00:19]} d6 {[%emt 0:00:00]} 3. d4 {[%emt 0:00:31]} cxd4 {[%emt 0:00:00]} 4. Qxd4 {[%emt 0:00:03]} Nc6 {[%emt 0:00:21]} 5. Qd2 {[%emt 0:00:06]} g6 {[%emt 0:00:33]} 6. b3 {[%emt 0:00:10]} Bh6 {[%emt 0:00:38]} 7. f4 {[%emt 0:00:08]} Nf6 {[%emt 0:00:46]} 8. Bb2 {[%emt 0:00:19]} O-O {[%emt 0:00:30]} 9. O-O-O {[%emt 0:00:12]} a5 {[%emt 0:00:16]} 10. a4 {[%emt 0:00:06]} e5 {[%emt 0:00:58]} 11. g3 {[%emt 0:00:09]} exf4 {[%emt 0:01:08]} 12. gxf4 {[%emt 0:05:32]} Nh5 {[%emt 0:00:54]} 13. Nge2 {[%emt 0:04:49]} Qh4 {[%emt 0:00:06]} 14. Nd5 {[%emt 0:08:35]} Be6 {[%emt 0:00:05]} 15. Kb1 {[%emt 0:06:53]} Bxd5 {[%emt 0:10:46]} 16. exd5 {[%emt 0:27:30]} Ne5 {[%emt 0:04:24]} 17. Qd4 {[%emt 0:00:37]} Nxf4 {[%emt 0:04:17]} 18. Qb6 {[%emt 0:05:44]} Qe7 {[%emt 0:17:18]} 19. Ng3 {[%emt 0:00:25]} f5 {[%emt 0:11:23]} 20. h4 {[%emt 0:00:25]} Bg7 {[%emt 0:08:58]} 21. Re1 {[%emt 0:11:13]} Nxd5 {[%emt 0:04:23]} 22. Qd4 {[%emt 0:03:20]} Nc7 {[%emt 0:06:20]} 23. h5 {[%emt 0:02:13]} Rf7 {[%emt 0:03:22]} 24. hxg6 {[%emt 0:02:36]} hxg6 {[%emt 0:00:02]} 25. Bc4 {[%emt 0:04:16]} Ne6 {[%emt 0:07:51]} 26. Qd5 {[%emt 0:00:11]} Re8 {[%emt 0:00:22]} 27. Bb5 {[%emt 0:12:42]} Rc8 {[%emt 0:01:10]} 28. Qg2 {[%emt 0:01:23]} Qg5 {[%emt 0:01:22]} 29. Qh2 {[%emt 0:00:42]} Kf8 {[%emt 0:01:11]} 30. Qf2 {[%emt 0:02:39]} Nc5 {[%emt 0:01:23]} 31. Rh7 {[%emt 0:00:40]} f4 {[%emt 0:02:29]} 32. Ne2 {[%emt 0:00:35]} Ne4 {[%emt 0:04:00]} 33. Qd4 {[%emt 0:00:16]} Qf5 {[%emt 0:02:38]} 34. Nxf4 {[%emt 0:00:34]} Qxf4 {[%emt 0:05:06]} 35. Rxe4 {[%emt 0:00:19]} Qf6 {[%emt 0:00:01]} 36. Qd1 {[%emt 0:01:12]} Kg8 {[%emt 0:00:54]} 37. Reh4 {[%emt 0:00:21]} g5 {[%emt 0:01:54]} 38. Rh1 {[%emt 0:00:13]} Qg6 {[%emt 0:00:38]} 39. Bd3 {[%emt 0:00:06]} Qe6 {[%emt 0:00:13]} 40. Qh5 {[%emt 0:00:07]} Qf6 {[%emt 0:00:28]} 41. Be4 {[%emt 0:01:41]} Rc5 {[%emt 0:00:20]} 42. Bxb7 {[%emt 0:00:37]} g4 {[%emt 0:00:58]} 43. Be4 {[%emt 0:00:15]} Kf8 {[%emt 0:00:21]} 44. Qh2 {[%emt 0:00:23]} Qf4 {[%emt 0:00:25]} 45. Qe2 {[%emt 0:00:18]} g3 {[%emt 0:00:36]} 46. Qa6 {[%emt 0:00:10]} Qxe4 {[%emt 0:00:36]} 47. Qxd6+ {[%emt 0:00:05]} Kg8 {[%emt 0:00:02]} 48. Qxc5 {[%emt 0:00:59]} g2 {[%emt 0:00:30]} 49. Qc8+ {[%emt 0:00:07]} Bf8 {[%emt 0:00:15]} 50. Rh8+ {[%emt 0:00:06]} Kg7 {[%emt 0:00:01]} 51. Bxe5+ {[%emt 0:00:19]} Qxe5 {[%emt 0:00:10]} 52. Qg4+ {[%emt 0:00:41]} Kf6 {[%emt 0:00:01]} 53. Qxg2 {[%emt 0:00:12]} Bg7 {[%emt 0:00:01]} 54. Qc6+ {[%emt 0:00:18]} 1-0

[Event "21st Dubai Open 2019"]
[Site "Dubai"]
[Date "2019.04.09"]
[Round "9.11"]
[White "Vokhidov, Shamsiddin"]
[Black "Adly, Ahmed"]
[Result "0-1"]
[WhiteElo "2494"]
[BlackElo "2620"]
[Annotator "TA"]
[PlyCount "82"]
[EventDate "2019.04.01"]
[EventType "swiss"]
[EventCountry "UAE"]
[SourceTitle "playchess.com"]
[Source "ChessBase"]
[SourceQuality "1"]

{[%evp 23,82,31,54,0,0,0,0,-19,-1,-15,0,0,0,0,0,0,0,0,0,0,0,-4,-8,-5,-7,-112,-112,-109,176,164,261,245,240,180,226,29,41,0,0,0,341,343,527,0,212,0,469,-517,-512,-1209,-947,-927,-902,-29983,-29984,-29984,-29985,-29985,-29986,-29996,-29997]} 1. e4 c5 2. Nf3 Nc6 3. d4 cxd4 4. Nxd4 Nf6 5. Nc3 e5 6. Ndb5 d6 7. Bg5 a6 8. Na3 b5 9. Nd5 Be7 10. Bxf6 Bxf6 11. c3 O-O 12. Nc2 Be6 13. Nxf6+ {B33: Sicilian: Pelikan and Sveshnikov Variations} (13. a4 $14) (13. Nce3 Bg5 14. Be2 Ne7 15. Bg4 Nxd5 16. Nxd5 Qc8 17. Bf3 Qb7 18. O-O Bxd5 19. Qxd5 Qxd5 20. exd5 f5 21. Be2 Rfb8 {1-0 (49) Djukic,N (2574)-Tilicheev,V (2507) Skopje 2018}) 13... Qxf6 $11 14. Qxd6 Rac8 $1 15. Qd1 {The position is equal.} Rfd8 16. Qf3 Qg5 $146 {[%csl Gd8][%cal Rg5d2]} ({Predecessor:} 16... Qxf3 17. gxf3 Na5 18. Ne3 Nc4 19. Bxc4 Bxc4 20. Nxc4 Rxc4 {1-0 (38) Ngo,M-Nguyen,N Dong Thap 1999}) 17. Ne3 Nd4 18. cxd4 exd4 19. Nd1 $1 (19. h4 Qe7 $17) 19... Rc2 $1 {[%csl Gc2][%cal Rg5d2]} 20. Qd3 Qc5 21. a3 {Strongly threatening Be2.} f5 $1 {[%cal Rf5e4] ...fxe4 is the strong threat.} 22. f3 fxe4 23. fxe4 (23. Qxe4 $2 Bf5 $19) 23... b4 $1 {[%cal Bb5b4,Bb4b3][%mdl 32]} 24. Be2 (24. Qxa6 Qg5 $17) (24. Ne3 $1 $11 Rxb2 25. Nc4 bxa3 26. Qxa3 Qxa3 27. Rxa3 Rb1+ 28. Kd2) 24... b3 $1 $17 25. Qxa6 Bf7 $2 {[%mdl 8192]} (25... d3 $1 $17 {stays on course.} 26. Qxe6+ {[%mdl 64] Double Attack} Kh8 27. Bxd3 (27. Bf3 $2 Rc1 $19) 27... Qg5 28. Bxc2 Qd2+ {[%mdl 64] Double Attack} 29. Kf1 Rf8+ 30. Qf5 Rxf5+ 31. exf5 bxc2) 26. Qb5 {Threatens to win with Qxc5.} Qa7 (26... d3 {keeps fighting.} 27. Qxc5 (27. Bxd3 Qd4 $16) 27... Rxc5) 27. Bd3 Rxg2 28. Rf1 Rc8 29. Rf2 $2 (29. Rf3 $18) 29... Rg1+ $11 30. Kd2 {And now Rc1 would win.} Qc7 $1 31. a4 {[%cal Ba3a4,Ba4a5][%mdl 32] White wants to play a5.} Be6 $2 {[%mdl 8192]} (31... Qd6 $11 32. Rxf7 (32. Ke2 Rc5 $19) 32... Kxf7 33. Bc4+ {[%mdl 64] Double Attack} (33. Qxb3+ $2 Kf6 $19) (33. Qf5+ $2 Ke7 $19) 33... Ke7) 32. a5 $18 g6 (32... Rb8 $142 33. Rc1 Qxc1+ 34. Kxc1 Rxb5 35. Bxb5 Rg5) 33. Qb4 $2 (33. a6 $18) 33... Qd8 $2 {[#]} (33... Rb8 $1 $11 {and Black has nothing to worry.} 34. Qxd4 Rd8 35. Rf8+ {[%mdl 64] Discovered Attack} (35. Qc3 Bc4 $11) 35... Kxf8 36. Qxg1 Bc4) 34. Qb5 $2 (34. h4 $1 Qxh4 35. Qxd4 Qg5+ 36. Qe3) 34... Qc7 35. Qb6 $4 {[%mdl 8192]} (35. a6 $18) 35... Qe5 $19 {( -> ...Qg5+)} 36. h4 (36. Rf3 $142 Qg5+ 37. Ke2) 36... Rb8 37. Qa6 {[#]} Rf8 $1 {[%cal Rf8f2]} 38. Bf1 {[#]} Rxf2+ $1 {Black mates.} ({Stronger than} 38... Qxe4 39. Rxf8+ Kxf8 40. Qd6+ Kg7 41. Qe7+ Kg8 42. Qd8+ Kg7 43. Qe7+ Kg8 44. Qd8+ Kf7 45. Qc7+ Kg8 46. Qd8+ $11) 39. Nxf2 Qf4+ {[%mdl 64] Double Attack} 40. Ke1 Qe3+ 41. Qe2 Bc4 $1 {Accuracy: White = 26%, Black = 72%.} 0-1

[Event "21st Dubai Open 2019"]
[Site "Dubai"]
[Date "2019.04.09"]
[Round "9.12"]
[White "Haug, Johannes"]
[Black "Santos Ruiz, Miguel"]
[Result "1/2-1/2"]
[WhiteElo "2424"]
[BlackElo "2555"]
[Annotator "ChessBase"]
[PlyCount "62"]
[EventDate "2019.04.01"]
[EventType "swiss"]
[EventCountry "UAE"]
[SourceTitle "playchess.com"]
[Source "ChessBase"]
[SourceQuality "1"]
[TimeControl "5400+30"]

1. e4 {[%emt 0:00:00]} c5 {[%emt 0:00:00]} 2. Nf3 {[%emt 0:00:00]} d6 {[%emt 0:00:00]} 3. Bb5+ {[%emt 0:00:00]} Nd7 {[%emt 0:00:00]} 4. d4 {[%emt 0:00:10]} cxd4 {[%emt 0:00:00]} 5. Qxd4 {[%emt 0:00:06]} a6 {[%emt 0:00:00]} 6. Bxd7+ {[%emt 0:00:08]} Bxd7 {[%emt 0:00:00]} 7. O-O {[%emt 0:00:05]} e5 {[%emt 0:00:00]} 8. Qd3 {[%emt 0:00:03]} Qc7 {[%emt 0:00:00]} 9. Nc3 {[%emt 0:03:41]} Rc8 {[%emt 0:00:11]} 10. a4 {[%emt 0:13:35]} h6 {[%emt 0:10:27]} 11. Rd1 {[%emt 0:00:54]} Be6 {[%emt 0:01:48]} 12. Nd2 {[%emt 0:01:46]} g6 {[%emt 0:00:04]} 13. Nf1 {[%emt 0:02:05]} f5 {[%emt 0:00:30]} 14. Ne3 {[%emt 0:08:54]} Ne7 {[%emt 0:23:41]} 15. Bd2 {[%emt 0:22:51]} f4 {[%emt 0:17:07]} 16. Ned5 {[%emt 0:12:26]} Nxd5 {[%emt 0:08:12]} 17. Nxd5 {[%emt 0:00:15]} Qxc2 {[%emt 0:00:06]} 18. Qf3 {[%emt 0:00:02]} Bxd5 {[%emt 0:04:30]} 19. Rac1 {[%emt 0:01:11]} Qxe4 {[%emt 0:00:15]} 20. Rxc8+ {[%emt 0:01:14]} Kd7 {[%emt 0:00:03]} 21. Qxe4 {[%emt 0:08:47]} Bxe4 {[%emt 0:00:05]} 22. Ra8 {[%emt 0:00:04]} Bc6 {[%emt 0:09:29]} 23. Bb4 {[%emt 0:04:44]} Bxa4 {[%emt 0:01:22]} 24. Rd2 {[%emt 0:01:45]} Ke6 {[%emt 0:02:25]} 25. Bxd6 {[%emt 0:00:37]} Bg7 {[%emt 0:00:10]} 26. Rxh8 {[%emt 0:00:57]} Bxh8 {[%emt 0:00:08]} 27. f3 {[%emt 0:00:39]} Bc6 {[%emt 0:01:39]} 28. Bc5 {[%emt 0:01:54]} Bd5 {[%emt 0:02:19]} 29. Kf2 {[%emt 0:03:38]} h5 {[%emt 0:01:44]} 30. h4 {[%emt 0:08:39]} Bf6 {[%emt 0:00:28]} 31. g3 {[%emt 0:00:04]} fxg3+ {[%emt 0:00:09]} 1/2-1/2

[Event "21st Dubai Open 2019"]
[Site "Dubai"]
[Date "2019.04.09"]
[Round "9.13"]
[White "Sundararajan, Kidambi"]
[Black "Bellahcene, Bilel"]
[Result "1/2-1/2"]
[WhiteElo "2413"]
[BlackElo "2538"]
[Annotator "ChessBase"]
[PlyCount "78"]
[EventDate "2019.04.01"]
[EventType "swiss"]
[EventCountry "UAE"]
[SourceTitle "playchess.com"]
[Source "ChessBase"]
[SourceQuality "1"]
[TimeControl "5400+30"]

1. d4 {[%emt 0:00:00]} Nf6 {[%emt 0:00:00]} 2. c4 {[%emt 0:00:00]} e6 {[%emt 0:00:00]} 3. g3 {[%emt 0:00:04]} d5 {[%emt 0:00:07]} 4. Bg2 {[%emt 0:00:10]} dxc4 {[%emt 0:01:28]} 5. Qa4+ {[%emt 0:00:20]} c6 {[%emt 0:00:42]} 6. Qxc4 {[%emt 0:00:12]} b5 {[%emt 0:00:44]} 7. Qd3 {[%emt 0:02:04]} Bb7 {[%emt 0:01:25]} 8. Be3 {[%emt 0:05:46]} Nbd7 {[%emt 0:01:10]} 9. Nh3 {[%emt 0:02:53]} Qb6 {[%emt 0:11:11]} 10. O-O {[%emt 0:15:22]} c5 {[%emt 0:01:13]} 11. dxc5 {[%emt 0:01:16]} Bxc5 {[%emt 0:00:05]} 12. Bxb7 {[%emt 0:03:46]} Qxb7 {[%emt 0:00:03]} 13. Bxc5 {[%emt 0:03:46]} Nxc5 {[%emt 0:00:03]} 14. Qe3 {[%emt 0:00:47]} Rc8 {[%emt 0:03:28]} 15. Rc1 {[%emt 0:04:43]} Nd5 {[%emt 0:00:29]} 16. Qd4 {[%emt 0:12:29]} O-O {[%emt 0:01:16]} 17. Nd2 {[%emt 0:07:34]} Qb6 {[%emt 0:11:44]} 18. Ne4 {[%emt 0:05:09]} Nxe4 {[%emt 0:16:15]} 19. Qxe4 {[%emt 0:00:06]} Nf6 {[%emt 0:00:05]} 20. Qf4 {[%emt 0:00:50]} h6 {[%emt 0:09:17]} 21. Rxc8 {[%emt 0:03:57]} Rxc8 {[%emt 0:00:58]} 22. Rc1 {[%emt 0:00:11]} Rd8 {[%emt 0:00:01]} 23. Qb4 {[%emt 0:04:30]} e5 {[%emt 0:11:40]} 24. Qe7 {[%emt 0:01:53]} Qd4 {[%emt 0:02:20]} 25. Rc7 {[%emt 0:10:02]} Qd1+ {[%emt 0:02:56]} 26. Kg2 {[%emt 0:00:07]} Qd5+ {[%emt 0:00:01]} 27. f3 {[%emt 0:02:12]} Re8 {[%emt 0:11:52]} 28. Qc5 {[%emt 0:00:52]} Qd2 {[%emt 0:01:00]} 29. Qc2 {[%emt 0:01:25]} Rd8 30. Nf2 {[%emt 0:04:24]} Qxc2 {[%emt 0:09:14]} 31. Rxc2 {[%emt 0:00:06]} Nd5 {[%emt 0:00:02]} 32. Rc5 {[%emt 0:00:25]} Ne3+ {[%emt 0:01:53]} 33. Kh3 {[%emt 0:00:09]} f6 {[%emt 0:01:31]} 34. Rc3 {[%emt 0:02:22]} Nf5 {[%emt 0:01:51]} 35. e4 {[%emt 0:00:48]} Nd4 {[%emt 0:00:16]} 36. Kg2 {[%emt 0:00:25]} a6 {[%emt 0:00:40]} 37. Ng4 {[%emt 0:03:29]} b4 {[%emt 0:00:38]} 38. Rc4 {[%emt 0:01:03]} b3 {[%emt 0:00:23]} 39. axb3 {[%emt 0:00:16]} Nxb3 {[%emt 0:00:19]} 1/2-1/2

[Event "21st Dubai Open 2019"]
[Site "Dubai"]
[Date "2019.04.09"]
[Round "9.14"]
[White "Ghaem Maghami, Ehsan"]
[Black "Dimakiling, Oliver"]
[Result "1-0"]
[WhiteElo "2531"]
[BlackElo "2404"]
[Annotator "TA"]
[PlyCount "67"]
[EventDate "2019.04.01"]
[EventType "swiss"]
[EventCountry "UAE"]
[SourceTitle "playchess.com"]
[Source "ChessBase"]
[SourceQuality "1"]

{[%evp 12,67,40,46,36,10,19,21,45,37,77,83,70,84,81,77,83,66,131,121,169,152,208,208,204,193,220,227,227,228,223,223,217,227,210,198,209,211,314,308,296,244,245,201,391,404,401,390,366,369,564,569,571,570,559,566,544,524]} 1. d4 Nf6 2. Nf3 e6 3. c4 d5 4. g3 g6 5. Bg2 Bg7 6. O-O O-O 7. Qc2 Nc6 {D77: Fianchetto Grünfeld: 6 0-0: Replies other than 6...c6} 8. Nc3 (8. Rd1 a5 9. a3 Ne7 10. Nc3 b6 11. Bf4 Bb7 12. cxd5 exd5 13. Rac1 Ne8 14. b4 axb4 15. axb4 {1-0 (30) Matlakov,M (2691)-Lu,S (2595) Ningbo 2015}) 8... dxc4 $146 ({Predecessor:} 8... a6 9. Rd1 Qe7 10. Bg5 Nb4 11. Qb3 c5 12. dxc5 h6 13. Bxf6 Bxf6 14. cxd5 Nxd5 15. Ne4 Bg7 {1-0 (37) Fleischer,E (1949)-Kaempfen,U (1698) Zuerich 2012}) 9. Rd1 Rb8 {The position is equal.} 10. Qa4 $1 b5 11. Nxb5 Bd7 {aiming for ...Ne7.} 12. Nc3 Nb4 13. Qxa7 Nfd5 14. Bd2 Re8 ({Better is} 14... Qe7 $14) 15. Qc5 $16 Bc8 16. Ne5 {Nxd5 is the strong threat.} Bf8 (16... Qe7 $16 {was called for.}) 17. Qxc4 $18 Ba6 18. Qb3 f6 {[#]} 19. Nxd5 $1 exd5 20. Bxb4 Rxb4 21. Qxd5+ Qxd5 22. Bxd5+ Kg7 23. Nc6 Rxb2 24. e3 Rb6 (24... Rb5 {was necessary.}) 25. a4 {[%cal Ba2a4,Ba4a5][%mdl 32]} Bb7 26. Rdc1 Ra8 27. a5 Rb2 $2 {[#]} (27... Rb5) 28. Nb4 $1 {[%mdl 512]} c6 (28... Rxb4 29. Rxc7+) 29. Nxc6 Bd6 30. Bg2 f5 (30... Kf8 $142 31. Bf1 Ba6) 31. Ne5 {White is clearly winning.} Bxg2 32. Nc4 Rbb8 33. Kxg2 Bc7 34. Rab1 {Accuracy: White = 82%, Black = 34%.} 1-0

[Event "21st Dubai Open 2019"]
[Site "Dubai"]
[Date "2019.04.09"]
[Round "9.15"]
[White "Dhulipalla Bala Chandra Prasa"]
[Black "Yeoh, Li Tian"]
[Result "1/2-1/2"]
[WhiteElo "2384"]
[BlackElo "2522"]
[Annotator "ChessBase"]
[PlyCount "80"]
[EventDate "2019.04.01"]
[EventType "swiss"]
[EventCountry "UAE"]
[SourceTitle "playchess.com"]
[Source "ChessBase"]
[SourceQuality "1"]
[TimeControl "5400+30"]

1. d4 {[%emt 0:00:00]} Nf6 {[%emt 0:00:00]} 2. Nf3 {[%emt 0:02:25]} g6 {[%emt 0:00:00]} 3. g3 {[%emt 0:00:27]} Bg7 {[%emt 0:00:36]} 4. Bg2 {[%emt 0:00:07]} O-O {[%emt 0:00:11]} 5. c4 {[%emt 0:00:25]} d6 {[%emt 0:02:56]} 6. O-O {[%emt 0:00:11]} Nbd7 {[%emt 0:02:24]} 7. Nc3 {[%emt 0:00:06]} e5 {[%emt 0:00:55]} 8. e4 {[%emt 0:00:14]} exd4 {[%emt 0:00:41]} 9. Nxd4 {[%emt 0:00:05]} c6 {[%emt 0:00:10]} 10. h3 {[%emt 0:02:35]} Re8 {[%emt 0:00:13]} 11. Re1 {[%emt 0:04:04]} a5 {[%emt 0:00:35]} 12. b3 {[%emt 0:13:39]} Nc5 {[%emt 0:01:46]} 13. Bf4 {[%emt 0:04:29]} h6 {[%emt 0:11:47]} 14. Qc2 {[%emt 0:13:10]} Nh5 {[%emt 0:29:32]} 15. Be3 {[%emt 0:00:53]} f5 {[%emt 0:00:39]} 16. exf5 {[%emt 0:17:43]} Rxe3 {[%emt 0:01:31]} 17. fxe3 {[%emt 0:01:35]} Nxg3 {[%emt 0:00:09]} 18. fxg6 {[%emt 0:02:37]} Qh4 {[%emt 0:00:28]} 19. Rad1 {[%emt 0:26:27]} Bxh3 {[%emt 0:08:27]} 20. Bxh3 {[%emt 0:00:03]} Qxh3 {[%emt 0:00:07]} 21. Qg2 {[%emt 0:00:34]} Qh4 {[%emt 0:03:21]} 22. Nce2 {[%emt 0:01:47]} Nce4 {[%emt 0:22:19]} 23. Nxg3 {[%emt 0:00:24]} Nxg3 {[%emt 0:00:05]} 24. Nf3 {[%emt 0:03:35]} Qg4 {[%emt 0:00:08]} 25. Kh2 {[%emt 0:02:38]} Rf8 {[%emt 0:01:12]} 26. Qxg3 {[%emt 0:01:16]} Qxf3 {[%emt 0:00:07]} 27. Qxf3 {[%emt 0:00:26]} Rxf3 {[%emt 0:00:05]} 28. c5 {[%emt 0:00:37]} d5 {[%emt 0:07:59]} 29. e4 {[%emt 0:00:34]} Bc3 {[%emt 0:00:08]} 30. exd5 {[%emt 0:01:02]} Bxe1 {[%emt 0:00:04]} 31. dxc6 {[%emt 0:00:06]} bxc6 {[%emt 0:04:11]} 32. Rxe1 {[%emt 0:00:02]} Kg7 {[%emt 0:00:08]} 33. Re6 {[%emt 0:00:42]} Rf6 {[%emt 0:00:18]} 34. Re7+ {[%emt 0:00:53]} Kxg6 {[%emt 0:00:05]} 35. Ra7 {[%emt 0:00:01]} Rf2+ {[%emt 0:00:55]} 36. Kg1 {[%emt 0:00:02]} Rxa2 {[%emt 0:00:08]} 37. Ra6 {[%emt 0:00:06]} Kf5 {[%emt 0:00:53]} 38. Rxc6 {[%emt 0:00:14]} Rb2 {[%emt 0:00:03]} 39. Ra6 {[%emt 0:00:28]} Rxb3 {[%emt 0:00:08]} 40. Rxa5 {[%emt 0:00:05]} Ke5 1/2-1/2